[Event "RSA-ch U10"]
[Site "Waterkloof"]
[Date "2015.04.08"]
[Round "7"]
[White "Weiner, Aiden"]
[Black "Oosthuizen, Michal Jacobus"]
[Result "0-1"]
[WhiteElo "1068"]
[BlackElo "1202"]
[PlyCount "52"]
[EventDate "2015.04.04"]
[EventType "swiss"]
[EventRounds "9"]
[EventCountry "RSA"]
[SourceTitle "CBM 166 Extra"]
[Source "ChessBase"]
[SourceDate "2015.06.18"]
[SourceVersion "1"]
[SourceVersionDate "2015.06.18"]
[SourceQuality "1"]

1. e4 d5 2. exd5 Nf6 3. Bc4 Nxd5 4. Nf3 Bg4 5. Be2 e6 6. 0-0 Be7 7. d4 0-0 8. c4 Nb6 9. Nc3 Bxf3 10. Bxf3 Nc6 11. b3 Rb8 12. Bb2 Nxd4 13. Be4 c5 14. Nb5 Nxb5 15. cxb5 Nd5 16. Qg4 Bf6 17. Bxf6 Nxf6 18. Qf3 Nxe4 19. Qxe4 Qd5 20. Qxd5 exd5 21. Rfd1 Rfd8 22. Rd2 Rbc8 23. Rad1 d4 24. h3 b6 25. b4 Rb8 26. a4 h6 0-1

[Event "RSA-ch U10"]
[Site "Waterkloof"]
[Date "2015.04.04"]
[Round "1"]
[White "Pillay, Kuvam"]
[Black "Weiner, Aiden"]
[Result "0-1"]
[WhiteElo "938"]
[BlackElo "1068"]
[PlyCount "74"]
[EventDate "2015.04.04"]
[EventType "swiss"]
[EventRounds "9"]
[EventCountry "RSA"]
[SourceTitle "CBM 166 Extra"]
[Source "ChessBase"]
[SourceDate "2015.06.18"]
[SourceVersion "1"]
[SourceVersionDate "2015.06.18"]
[SourceQuality "1"]

1. e4 e5 2. Nf3 Nc6 3. Bc4 Nf6 4. Ng5 d5 5. exd5 Nxd5 6. Nxf7 Kxf7 7. Qf3+ Qf6 8. Bxd5+ Ke7 9. Qxf6+ Kxf6 10. Nc3 Bf5 11. 0-0 Nb4 12. Bxb7 Rb8 13. Nd5+ Nxd5 14. Bxd5 Bxc2 15. Re1 Bc5 16. b3 Bd4 17. Be4 Bxe4 18. Rxe4 Bxa1 19. d3 Rhd8 20. Rg4 Rxd3 21. Bg5+ Kf5 22. h3 h5 23. Rc4 Kxg5 24. g4 hxg4 25. Rxg4+ Kf6 26. f4 Rd1+ 27. Kg2 Rd2+ 28. Kg3 Rd1 29. fxe5+ Bxe5+ 30. Kf3 Rd4 31. Rxd4 Bxd4 32. Kg4 Re8 33. h4 Re4+ 34. Kh3 Re2 35. h5 Kg5 36. a4 Be5 37. b4 Rh2# 0-1